000 00247nam a2200085Ia 4500
245 0 _aOxford school dictionary of word origins
100 _a AYTO, John Oxford, 2009 New ed
_914662
942 _cBK
008 210817s9999 xx 000 0 und d
999 _c402878
_d402877